000 00762nam a2200229 i 4500
001 000047340
003 DO-SdBNP
005 20250116073944.0
008 110325s1951 dr r 000 0 spa d
040 _aDO-SdBNP
_bspa
_cBNPHU
_erda
082 _axxxx
_bP295
_222
110 1 _aRepública Dominicana.
_bSecretaría de Estado de Educación, Bellas Artes y Cultos
_923965
245 1 0 _aProgramas del magisterio normal primario
260 _aCiudad Trujillo :
_bSecretaría de Estado de Educación, Bellas Artes y Cultos,
_c1951.
300 _a51 paginas ;
_c22 cm.
336 _2rdacontent
_atexto
_btxt
337 _2rdamedia
_asin mediación
_bn
338 _2rdacarrier
_avolumen
_bnc
590 _aInventariado, 2023/DG
910 _aDG
942 _2ddc
_cLBS1
999 _c54666
_d54666